• 首页
  • 本馆介绍
  • 公告通知
  • 最新文献
  • 馆藏检索
  • 电子资源
  • 读者导购
  • 参考咨询
  • 我的图书馆
  • 登录
  • 详细信息显示
  • 放入我的书架
  • 预约/预借图书
  • 作者相关作品
  • 分类相关作品
  • 丛书相关作品
  • 出版社相关作品

书目信息

  • 表格格式
  • 工作单格式
  • 卡片格式
题名:
竹不如肉
    
 
作者: 张宇凌 著
分册:  
出版信息: 北京   中信出版集团  2020
页数: 225页
开本: 21cm
丛书名:
单 册:
中图分类: J110.92
科图分类:
主题词: 艺术史--yi shu shi--研究--西方国家--古代
电子资源:
ISBN: 978-7-5217-0723-6
000 00998nam0 2200253 450
001 2172462288
005 20211112200745.73
010    @a978-7-5217-0723-6@dCNY78.00
100    @a20200116d2020 em y0chiy50 ea
101 0  @achi
102    @aCN@b110000
105    @aa a 000yy
200 1  @a竹不如肉@Azhu bu ru rou@e西方古代艺术史上的权力和身体@f张宇凌著
210    @a北京@c中信出版集团@d2020
215    @a225页@c图 (部分彩图)@d21cm
300    @a湖岸·艺文
320    @a有书目
330    @a本书作者有选择性地解读西方国家的部分艺术史,如古希腊美学、西方历史上的人民英雄塑像、艺术史上的首次艺术审查等,通过感知古典艺术和现代艺术来重建二者之间的联系,引导读者从“死去的”经典化了的作品中看出和现代艺术的关联。
517 1  @a西方古代艺术史上的权力和身体@Axi fang gu dai yi shu shi shang de quan li he shen ti
606 0  @a艺术史@Ayi shu shi@x研究@x西方国家@z古代
690    @aJ110.92@v5
701  0 @a张宇凌@Azhang yu ling@c(女)@4著
801  0 @aCN@bBP@c20200116
905    @aZUCC@dJ110.92@e2
    
    竹不如肉:西方古代艺术史上的权力和身体/张宇凌著.-北京:中信出版集团,2020
    225页:图 (部分彩图);21cm
    湖岸·艺文
    
    ISBN 978-7-5217-0723-6:CNY78.00
    本书作者有选择性地解读西方国家的部分艺术史,如古希腊美学、西方历史上的人民英雄塑像、艺术史上的首次艺术审查等,通过感知古典艺术和现代艺术来重建二者之间的联系,引导读者从“死去的”经典化了的作品中看出和现代艺术的关联。
●
相关链接 在五车中查询图书 在当当中查询图书 在豆瓣中查询图书


正题名:竹不如肉     索取号:J110.92/2         预约/预借

序号 登录号 条形码 馆藏地/架位号 状态 备注
1 2000881660   2000881660   第三书库/ [索取号:J110.92/2] 在馆    
2 2000881661   2000881661   第三书库/ [索取号:J110.92/2] 在馆    
3 2000881662   2000881662   第三书库/ [索取号:J110.92/2] 在馆    
山东省滨州职业学院图书馆 欢迎您!
大连网信软件有限公司© 版权所有